| 000 | 00929cam a2200205 4500 | ||
|---|---|---|---|
| 001 | L137280 | ||
| 008 | 070327s2005 xxk f 000 0 eng d | ||
| 035 | _a(Sirsi) u137280 | ||
| 041 | 0 | _aeng | |
| 100 | 1 | _aHunter, Kirsty | |
| 245 | 0 | 4 |
_aThe development of a whole life costing tool for local government in the UK _h[electronic resource] |
| 260 |
_aBrisbane _bQueensland University of Technology _c2005 |
||
| 490 | 0 |
_aCOBRA _v2005 |
|
| 520 | _aDiscusses the development a user-friendly approach to whole life costing using a generic IT tool accompanied by a framework document designed specially to assist in such analyses. | ||
| 651 | 4 |
_aUnited Kingdom _y |
|
| 690 | _aMANAGEMENT-BUSINESS MANAGEMENT-COST MANAGEMENT-COST ANALYSIS-LIFE CYCLE COSTING | ||
| 700 | 1 | _aKelly, John | |
| 856 | 4 | 0 |
_uhttps://www.rics.org/site/scripts/download_info.aspx?downloadID=2599 _zView the item free of charge at www.rics.org... |
| 942 | _n0 | ||
| 999 |
_c106713 _d106713 |
||